00384 2200133 4500001002100000008004200021035002000063245006800083100002200151260004100173300001300214084001400227990000900241INLIS000000000003915 I nd  a0010-0723000400 aCerita Rakyat NusantarabCerita Rakyat NusantaracMB. Rahimsyah aAR, MB. Rahimsyah aSurabayabKarya Gemilang Utamac2005 a140 hlm. a034 CER m a3999